Cities and the urban land premium / (Record no. 11960)

000 -LEADER
fixed length control field 03305cam a2200397 i 4500
003 - CONTROL NUMBER IDENTIFIER
control field OSt
005 - DATE AND TIME OF LATEST TRANSACTION
control field 20231116160115.0
008 - FIXED-LENGTH DATA ELEMENTS--GENERAL INFORMATION
fixed length control field 141216t20152015enkab b 001 0 eng d
020 ## - INTERNATIONAL STANDARD BOOK NUMBER
International Standard Book Number 9781784717438
040 ## - CATALOGING SOURCE
Original cataloging agency BMSCA
041 ## - LANGUAGE CODE
Language code of text/sound track or separate title eng
082 04 - DEWEY DECIMAL CLASSIFICATION NUMBER
Classification number 339.42
Edition number 23
Item number GRO
100 1# - MAIN ENTRY--PERSONAL NAME
Personal name Groot, Henri L. F. de,
Relator term author.
245 10 - TITLE STATEMENT
Title Cities and the urban land premium /
Statement of responsibility, etc Henri L.F. de Groot, VU University Amsterdam, Tinbergen Institute and Ecorys NEI, the Netherlands, Gerard Marlet, Atlas voor Gemeenten, Utrecht University School of Economics and University of Groningen, the Netherlands, Coen Teulings, University of Cambridge, UK, University of Amsterdam and Tinbergen Institute, the Netherlands, Wouter Vermeulen, CPB Netherlands Bureau for Economic Policy Analysis, the Netherlands.
300 ## - PHYSICAL DESCRIPTION
Extent vii, 135 pages :
Other physical details illustrations (some color), maps ;
Dimensions 25 cm
504 ## - BIBLIOGRAPHY, ETC. NOTE
Bibliography, etc Includes bibliographical references and index.
505 0# - FORMATTED CONTENTS NOTE
Formatted contents note 1. The resurrection of the city -- 2. Land underneath the city -- 3. The dynamics of the Dutch system of cities -- 4. The production city -- 5. The consumer city -- 6. Land prices and governmental policy -- 7. Agglomeration benefits and spatial planning policy -- 8. Social cost-benefit analysis of an inner city transformation project -- 9. Agenda for the future.
520 8# - SUMMARY, ETC.
Summary, etc After a long period of suburbanization, cities have been in vogue again since the 1980s. But why are people prepared to spend far more money on a small house in the city centre than on a large house in the countryside - and why doesn't this apply to all cities? The authors of this book argue that the appeal of the city in the 21st century is not only determined by the production side of the economy, but also by the consumption side: its array of shops, cultural activities and, for example, an historic city centre. All these factors translate into a huge disparity in land prices as well as different wages for urban and rural citizens. This study maps out these variations, with an economic approach to spatial planning and an emphasis on land rents as a basis for cost-benefit analysis. The use of land prices as a reflection of the appreciation for urban amenities is an ideal measurement tool in the cost-benefit analyses for local investments and spatial planning policies, and sheds new light on the organisation of public administration. This accessible book will be of interest to geographers, economists and social scientists, as well as policymakers involved in urban planning, seeking an in-depth understanding of land prices and the increasing importance of cities in the 21st century.
650 #0 - SUBJECT ADDED ENTRY--TOPICAL TERM
Topical term or geographic name as entry element Land use, Urban
Geographic subdivision Netherlands.
650 #0 - SUBJECT ADDED ENTRY--TOPICAL TERM
Topical term or geographic name as entry element Cities and towns
Geographic subdivision Netherlands.
650 #0 - SUBJECT ADDED ENTRY--TOPICAL TERM
Topical term or geographic name as entry element Cost and standard of living
Geographic subdivision Netherlands.
650 #0 - SUBJECT ADDED ENTRY--TOPICAL TERM
Topical term or geographic name as entry element Urban economics.
650 #7 - SUBJECT ADDED ENTRY--TOPICAL TERM
Topical term or geographic name as entry element Cities and towns.
Source of heading or term fast
650 #7 - SUBJECT ADDED ENTRY--TOPICAL TERM
Topical term or geographic name as entry element Cost and standard of living.
Source of heading or term fast
650 #7 - SUBJECT ADDED ENTRY--TOPICAL TERM
Topical term or geographic name as entry element Land use, Urban.
Source of heading or term fast
650 #7 - SUBJECT ADDED ENTRY--TOPICAL TERM
Topical term or geographic name as entry element Urban economics.
Source of heading or term fast
650 #7 - SUBJECT ADDED ENTRY--TOPICAL TERM
Topical term or geographic name as entry element Bodenpreis.
Source of heading or term gnd
650 #7 - SUBJECT ADDED ENTRY--TOPICAL TERM
Topical term or geographic name as entry element Immobilienökonomie.
Source of heading or term gnd
650 #7 - SUBJECT ADDED ENTRY--TOPICAL TERM
Topical term or geographic name as entry element Stadtökonomie.
Source of heading or term gnd
651 #7 - SUBJECT ADDED ENTRY--GEOGRAPHIC NAME
Geographic name Netherlands.
Source of heading or term fast
651 #7 - SUBJECT ADDED ENTRY--GEOGRAPHIC NAME
Geographic name Niederlande.
Source of heading or term gnd
700 1# - ADDED ENTRY--PERSONAL NAME
Personal name Marlet, Gerard,
Dates associated with a name 1970-
Relator term author.
700 1# - ADDED ENTRY--PERSONAL NAME
Personal name Teulings, C. N.,
Relator term author.
700 1# - ADDED ENTRY--PERSONAL NAME
Personal name Vermeulen, Wouter,
Relator term author.
942 ## - ADDED ENTRY ELEMENTS (KOHA)
Source of classification or shelving scheme
Holdings
Withdrawn status Lost status Source of classification or shelving scheme Damaged status Not for loan Permanent location Current location Date acquired Source of acquisition Cost, normal purchase price Barcode Date last seen Cost, replacement price Price effective from Koha item type
          BMS College of Architecture, Design and Planning BMS College of Architecture, Design and Planning 2023-11-16 10 5918.64 AR-PG645 2023-11-16 8455.20 2023-11-16 PG Books
Copyright © 2025, The Librarian, Library and Information Centre, BMSCA D&P, Bengaluru. All Rights Reserved
web counter

Powered by Koha